Thomas Murner: el juego de cartas de lógica / (Registro nro. 64917)
[ vista simple ]
| 000 -LEADER | |
|---|---|
| fixed length control field | 01251cam a2200349 i 4500 |
| 001 - CONTROL NUMBER | |
| control field | 64917 |
| 003 - CONTROL NUMBER IDENTIFIER | |
| control field | Mx-PuUPA |
| 005 - DATE AND TIME OF LATEST TRANSACTION | |
| control field | 20251013161958.0 |
| 008 - FIXED-LENGTH DATA ELEMENTS--GENERAL INFORMATION | |
| fixed length control field | 080626s2017 mx a gr 001 0 spa d |
| 020 ## - INTERNATIONAL STANDARD BOOK NUMBER | |
| International Standard Book Number | 9786079706524 |
| 040 ## - CATALOGING SOURCE | |
| Original cataloging agency | Mx-PuUPA |
| Language of cataloging | spa |
| Transcribing agency | Mx-PuUPA |
| Modifying agency | Mx-PuUPA |
| Description conventions | rda |
| 041 1# - LANGUAGE CODE | |
| Language code of text/sound track or separate title | spa |
| -- | lat |
| 100 1# - MAIN ENTRY--PERSONAL NAME | |
| Personal name | Medina, Jorge, |
| Fuller form of name | (Medina Delgadillo) |
| Relator term | autor |
| 9 (RLIN) | 9923 |
| 245 10 - TITLE STATEMENT | |
| Title | Thomas Murner: el juego de cartas de lógica / |
| Statement of responsibility, etc. | traducción, introducción y notas de Jorge Medina Delgadillo ; prólogo de Mauricio Beuchot |
| 250 ## - EDITION STATEMENT | |
| Edition statement | Primera edición |
| 264 #1 - PRODUCTION, PUBLICATION, DISTRIBUTION, MANUFACTURE, AND COPYRIGHT NOTICE | |
| Place of production, publication, distribution, manufacture | Ciudad de México : |
| Name of producer, publisher, distributor, manufacturer | Editorial Notas Universitarias, |
| Date of production, publication, distribution, manufacture, or copyright notice | 2017 |
| 300 ## - PHYSICAL DESCRIPTION | |
| Extent | xxi, 281 páginas : |
| Other physical details | ilustraciones ; |
| Dimensions | 24 cm |
| 336 ## - CONTENT TYPE | |
| Content type term | texto |
| Fuente | rdacontent |
| Content type code | txt |
| 337 ## - MEDIA TYPE | |
| Media type term | sin medio |
| Source | rdamedia |
| Media type code | n |
| 338 ## - CARRIER TYPE | |
| Carrier type term | volumen |
| Source | rdacarrier |
| Carrier type code | nc |
| 546 ## - LANGUAGE NOTE | |
| Language note | Texto en latín y español. |
| 600 14 - SUBJECT ADDED ENTRY--PERSONAL NAME | |
| Personal name | Murner, Thomas, |
| Dates associated with a name | 1475-1537 |
| 650 #4 - SUBJECT ADDED ENTRY--TOPICAL TERM | |
| Topical term or geographic name entry element | Lógica |
| 700 1# - ADDED ENTRY--PERSONAL NAME | |
| Personal name | Medina, Jorge, |
| Relator term | traductor |
| 700 1# - ADDED ENTRY--PERSONAL NAME | |
| Personal name | |
| Relator term | prologuista |
| 9 (RLIN) | 529 |
| 942 ## - ADDED ENTRY ELEMENTS (KOHA) | |
| Source of classification or shelving scheme | Dewey Decimal Classification |
| Koha item type | Libro |
| Classification part | 160 |
| Item part | M488 |
| Withdrawn status | Lost status | Source of classification or shelving scheme | Damaged status | Not for loan | Collection code | Home library | Current library | Shelving location | Date acquired | Source of acquisition | Total Checkouts | Full call number | Barcode | Date last seen | Copy number | Price effective from | Koha item type |
|---|---|---|---|---|---|---|---|---|---|---|---|---|---|---|---|---|---|
| Dewey Decimal Classification | General | Biblioteca Karol Wojtyla | Biblioteca Karol Wojtyla | Sala general | 03/03/2020 | Donación | 160 M488 2017 | 61120 | 05/01/2026 | Ej.2 | 03/12/2013 | Libro | |||||
| Dewey Decimal Classification | General | Biblioteca Karol Wojtyla | Biblioteca Karol Wojtyla | Sala general | 03/12/2013 | Compra | 160 M488 2017 | 46877 | 05/01/2026 | 03/12/2013 | Libro |